Canciones de La lógica del escorpión - Charly García - Estadísticas

Estadísticas generales
  • Esta prueba ha sido intentada 3 veces
  • La puntuación promedio es 5 de 13
Estadísticas de respuestas
Canciones % Correcto
7 América
67%
12 La lógica del escorpión
67%
1 Rompela
67%
2 Yo ya sé
67%
3 El club de los 27
33%
9 Estrellas al caer
33%
8 Juan Represión
33%
4 La medicina N°9
33%
10 La pelícana y el androide
33%
13 Rock and Roll Star
33%
5 Te recuerdo invierno
33%
11 Watching the wheels
33%
6 Autofemicidio
0%
No se encontraron pruebas coincidentes
Distribución de puntuación
Porcentaje de gente con cada puntuación
Porcentaje por número respondido
Historial de tus puntuaciones
No has intentado esta prueba.